Indira Gandhi: (Record no. 85008)

MARC details
000 -LEADER
fixed length control field 00710nam a22002057a 4500
005 - DATE AND TIME OF LATEST TRANSACTION
control field 20140610171931.0
010 ## - LCCN (DPL NO)
LC control number B-504725-735
020 ## - INTERNATIONAL STANDARD BOOK NUMBER
International Standard Book Number 9780143067351
Terms of availability 399.00
035 ## - SYSTEM CONTROL NUMBER
System control number B-504725-735
037 ## - SOURCE OF ACQUISITION
Stock number dpl
Source of stock number/acquisition K.K.Pub/Ven
082 ## - DEWEY DECIMAL CLASSIFICATION NUMBER
Classification number 954.045092
100 ## - MAIN ENTRY--PERSONAL NAME
Personal name Sahgal, Nayantara
245 ## - TITLE STATEMENT
Title Indira Gandhi:
Remainder of title tryst with power/
Statement of responsibility, etc by Nayantara Sahgal
260 ## - PUBLICATION, DISTRIBUTION, ETC. (IMPRINT)
Place of publication, distribution, etc New Delhi
Name of publisher, distributor, etc Penguin Books
Date of publication, distribution, etc 2012
270 ## - ADDRESS
Address 11 Community Centre, Panchsheel Park
City New Delhi
Postal code 110017 India
300 ## - PHYSICAL DESCRIPTION
Extent 412p.
Dimensions 19cm(pbK)
500 ## - GENERAL NOTE
General note includes index
942 ## - ADDED ENTRY ELEMENTS (KOHA)
Source of classification or shelving scheme Dewey Decimal Classification
Item type English Books
Classification part 954.045092
Call number suffix SAH
Holdings
Withdrawn status Lost status Not for loan Collection code Home library Current library Date acquired Source of acquisition Cost, normal purchase price Full call number Barcode Copy number Cost, replacement price Koha item type
      Non-fiction Bawana Bawana 10/06/2014 K.K.Pub/BL2983/11.03.2013/172/11.03.2013/20.03.2013 399.00 954.045092 SAH B-504732 1 399.00 English Books
      Non-fiction Central Library Central Library 10/06/2014 K.K.Pub/BL2983/11.03.2013/172/11.03.2013/20.03.2013 399.00 954.045092 SAH B-504725 1 399.00 English Books
      Non-fiction Janak Puri Janak Puri 10/06/2014 K.K.Pub/BL2983/11.03.2013/172/11.03.2013/20.03.2013 399.00 954.045092 SAH B-504730 1 399.00 English Books
      Non-fiction Kasturba Gandhi Marg Kasturba Gandhi Marg 10/06/2014 K.K.Pub/BL2983/11.03.2013/172/11.03.2013/20.03.2013 399.00 954.045092 SAH B-504729 1 399.00 English Books
  Written-off vide DLB M. No. 383 dt 16.05.19   Non-fiction Mobile Library Mobile Library 10/06/2014 K.K.Pub/BL2983/11.03.2013/172/11.03.2013/20.03.2013 399.00 954.045092 SAH B-504726 2 399.00 English Books
      Non-fiction Mobile Library Mobile Library 10/06/2014 K.K.Pub/BL2983/11.03.2013/172/11.03.2013/20.03.2013 399.00 954.045092 SAH B-504727 2 399.00 English Books
      Non-fiction Narela Narela 10/06/2014 K.K.Pub/BL2983/11.03.2013/172/11.03.2013/20.03.2013 399.00 954.045092 SAH B-504733 1 399.00 English Books
      Non-fiction Patel Nagar Patel Nagar 10/06/2014 K.K.Pub/BL2983/11.03.2013/172/11.03.2013/20.03.2013 399.00 954.045092 SAH B-504728 1 399.00 English Books
      Non-fiction Sarojini Nagar Sarojini Nagar 10/06/2014 K.K.Pub/BL2983/11.03.2013/172/11.03.2013/20.03.2013 399.00 954.045092 SAH B-504731 1 399.00 English Books
      Non-fiction Shahdara Branch Shahdara Branch 10/06/2014 K.K.Pub/BL2983/11.03.2013/172/11.03.2013/20.03.2013 399.00 954.045092 SAH B-504734 1 399.00 English Books
      Non-fiction Yojana Vihar Yojana Vihar 10/06/2014 K.K.Pub/BL2983/11.03.2013/172/11.03.2013/20.03.2013 399.00 954.045092 SAH B-504735 1 399.00 English Books

© Delhi Public Library
Hit Counter
free hit counter